Standard handbook for electrical engineers / (Record no. 12275)
[ view plain ]
| 000 -LEADER | |
|---|---|
| fixed length control field | 00960cas a22002771 4500 |
| 001 - CONTROL NUMBER | |
| control field | 12275 |
| 003 - CONTROL NUMBER IDENTIFIER | |
| rucl marc code | BD-RjUL |
| 005 - DATE AND TIME OF LATEST TRANSACTION | |
| control field | 20211208235251.0 |
| 008 - FIXED-LENGTH DATA ELEMENTS--GENERAL INFORMATION | |
| fixed length control field | 140128s1941 nyu x 0 1 a0eng |
| 035 ## - SYSTEM CONTROL NUMBER | |
| System control number | (BD-RjUL)12324 |
| 040 ## - CATALOGING SOURCE | |
| Original cataloging agency | DLC |
| Language of cataloging | eng |
| Transcribing agency | MnMULS |
| Modifying agency | DLC |
| -- | NST |
| -- | N |
| -- | OCoLC |
| -- | NST |
| -- | MH |
| -- | NST |
| -- | InU |
| -- | OCoLC |
| -- | CaQQL |
| -- | OCoLC |
| -- | BD-RjUL |
| 041 ## - LANGUAGE CODE | |
| Language code of text/sound track or separate title | eng |
| 082 04 - DEWEY DECIMAL CLASSIFICATION NUMBER | |
| Classification number | 621.3 |
| Author mark and year | STA 1941 |
| 245 00 - TITLE STATEMENT | |
| Title | Standard handbook for electrical engineers / |
| Statement of responsibility, etc. | Pre. by A Staff of Specialists. |
| 260 ## - PUBLICATION, DISTRIBUTION, ETC. (IMPRINT) | |
| Place of publication, distribution, etc. | New York : |
| Name of publisher, distributor, etc. | McGraw-Hill , |
| Date of publication, distribution, etc. | c1941 |
| 300 ## - PHYSICAL DESCRIPTION | |
| Pagination | xi, 2303 p. : |
| Illustrations | diagrs., tables. ; |
| Size | 23 cm. |
| 504 ## - BIBLIOGRAPHY, ETC. NOTE | |
| Bibliography, etc | Includes index. |
| 650 #0 - SUBJECT ADDED ENTRY--TOPICAL TERM | |
| Topical term or geographic name as entry element | Electrical engineering |
| Form subdivision | Handbooks, manuals, etc. |
| 9 (RLIN) | 38106 |
| Topical term or geographic name as entry element | Électrotechnique |
| Form subdivision | Périodiques. |
| 9 (RLIN) | 38107 |
| 700 ## - ADDED ENTRY--PERSONAL NAME | |
| Personal name | Knowlton, Archer E. |
| 936 ## - OCLC/CONSER MISCELLANEOUS DATA (OCLC); PIECE USED FOR CATALOGING (pre-AACR2) (RLIN) | |
| OCLC control number(s) of parallel record(s) (OCLC); Piece used for cataloging, PUC (RLIN) | Unknown |
| -- | 1978 (surrogate) |
| 942 ## - ADDED ENTRY ELEMENTS (KOHA) | |
| Source of classification or shelving scheme | Dewey Decimal Classification |
| Koha item type | Books |
| Lost status | Source of classification or shelving scheme | Damaged status | Not for loan | Collection code | Permanent Location | Current Location | Shelving location | Date acquired | Source of acquisition | Total Checkouts | Full call number | Date last seen | Copy number | Koha item type |
|---|---|---|---|---|---|---|---|---|---|---|---|---|---|---|
| Dewey Decimal Classification | Non-fiction | Central Library, University of Rajshahi | Central Library, University of Rajshahi | 21/09/1964 | Australia | 621.3 STA 1941 | 28/01/2014 | C-2 | Books |